Statistics for Science by Picture - F

Click here to take the quiz!

General Stats

  • This quiz has been taken 597 times
  • The average score is 9 of 15

Answer Stats

Answer% Correct
Frog
97%
Fungi
96%
Magnetic {Field}
81%
Benjamin Franklin
63%
Frost
62%
Flower
61%
Food Chain
59%
Fibula
56%
Fibonacci
54%
Frontal Lobe
54%
Fjord
51%
Fault
50%
Fission
46%
Structural {Formula}
24%
Fractal
21%

Score Distribution

Percentile by Number Answered

Percent of People with Each Score

Your Score History

You have not taken this quiz